|
|
|
|
| LEADER |
01258nam a2200313 a 4500 |
| 001 |
11823461 |
| 008 |
100105s1999 ii b 001 0 eng d |
| 010 |
|
|
|a \\\99936256
|
| 020 |
|
|
|a 8173042470 (set)
|
| 020 |
|
|
|a 8173042489 (v. 1)
|
| 040 |
|
|
|a DLC
|c DLC
|d DLC
|d BD-DhAAL
|
| 082 |
0 |
0 |
|a 320.54/0954/09041
|2 21
|
| 100 |
1 |
|
|a Prasad, Bimal,
|d 1925-
|
| 245 |
1 |
4 |
|a The foundations of Muslim nationalism /
|c Bimal Prasad.
|
| 260 |
|
|
|a New Delhi :
|b Manohar,
|c 1999.
|
| 300 |
|
|
|a 319 p. ;
|c 22 cm.
|
| 362 |
0 |
|
|a Vol. 1
|
| 490 |
1 |
|
|a Pathway to India's partition ;
|v vol. 1
|
| 500 |
|
|
|a "Issued under the auspices of the Rajendra Prasad Academy, New Delhi."
|
| 504 |
|
|
|a Includes bibliographical references (p. [295]-308) and index.
|
| 541 |
1 |
|
|e 00010895
|
| 650 |
|
0 |
|a Nationalism
|z India.
|
| 650 |
|
0 |
|a Muslims
|z India
|x Political activity.
|
| 651 |
|
0 |
|a India
|x Politics and government
|y 1919-1947.
|
| 710 |
2 |
|
|a Rajendra Prasad Academy.
|
| 800 |
1 |
|
|a Prasad, Bimal,
|d 1925-
|t Pathway to India's partition ;
|v vol. 1.
|
| 852 |
4 |
|
|a Ayesha Abed Library
|j General shelf
|
| 999 |
|
|
|c 6710
|d 6710
|
| 952 |
|
|
|0 0
|1 0
|2 ddc
|4 0
|6 320_540954090410000_PRA_1999
|7 0
|9 6886
|a BRACUL
|b BRACUL
|c GEN
|d 2010-01-06
|l 4
|m 13
|o 320.54095409041 PRA
|p 3010010895
|r 2025-10-07
|s 2025-08-02
|t 1
|w 2010-01-06
|y BK
|